000 00587nam a2200181Ia 4500
008 090122s9999 xx 000 0 und d
082 _b11791
100 _aतांबे
_bबालाजी
245 _aगर्भसंस्कार
260 _bसकाळ पेपर्स
_c2007
300 _a212
501 _aमॅजेस्टिक एजन्सीस / बि. नं. 368-28.6.07
600 _aतांबे
630 _aगर्भसंस्कार
700 _aतांबे
730 _aगर्भसंस्कार
942 _cBOOK
999 _c35868
_d35868